000 00730nam a2200193Ia 4500
005 20251020182616.0
008 200515s9999 xx 000 0 und d
082 _aSC/693.6/S38
110 _aSena
245 0 _aConstrucción y colocación de elementos prefabricados de hormigón
260 _aSanta Fé de Bogotá, D.C.
260 _c1986
300 _a123
520 _aLa prefabricación es el proceso que permite armar un elemento grande a partir de varios elementos más pequeños, que se modulan y fabrican en serie de acuerdo a sus diversos usos. Estos elementos llamados prefabricados, tienen en común la uniformidad de di
650 _aCONCRETO
650 _aPREFABRICACION
650 _aPUB SENA
942 _cLIB
999 _c3502
_d3502